The jewel of the Qur'an : al-Ghazali's theory

Bibliographic Details
Main Author: غزالي , 1058-1111 (Author)
Format: Book
Published: Bangi, Selangor : Universiti Kebangsaan Malaysia , 1977
Subjects:

MARC

LEADER 00000cam a2200000 7i4500
001 0000005936
005 20230116093000.0
008 021119s1977
090 0 0 |a BP130.7   |b .G42 
100 0 |a غزالي ,   |d 1058-1111 ,   |e author 
245 1 4 |a The jewel of the Qur'an :   |b al-Ghazali's theory   |c a translation, with an introduction and annotation, of al-Ghazali's Kitab Jawahir al-Qur'an by Muhammad Abul Quasem 
260 2 |a Bangi, Selangor :   |b Universiti Kebangsaan Malaysia ,   |c 1977 
300 |a 244 p. ;   |c 21 cm. 
630 0 0 |a Qur'an; criticism, interpretation, etc 
630 0 0 |a Qur'an   |x Appreciation 
999 |a 1000002347   |b Book   |c OPEN SHELF (30 DAYS)   |e Gong Badak Campus 
999 |a 1000002348   |b Book   |c OPEN SHELF (30 DAYS)   |e Gong Badak Campus 
999 |a 1000002349   |b Book   |c OPEN SHELF (30 DAYS)   |e Gong Badak Campus 
999 |a 1000002350   |b Book   |c OPEN SHELF (30 DAYS)   |e Gong Badak Campus 
999 |a 1000002351   |b Book   |c OPEN SHELF (30 DAYS)   |e Gong Badak Campus 
999 |a 1000002352   |b Book   |c OPEN SHELF (30 DAYS)   |e Gong Badak Campus